LA ESTRCUTURA TOMISTA DEL CONCRETO Y SUS CONSECUENCIAS (Registro nro. 68617)
[ vista simple ]
| 000 -CABECERA | |
|---|---|
| campo de control de longitud fija | 00976nam a22002297a 4500 |
| 003 - IDENTIFICADOR DEL NÚMERO DE CONTROL | |
| campo de control | BPGM |
| 008 - DATOS DE LONGITUD FIJA--INFORMACIÓN GENERAL | |
| campo de control de longitud fija | 260617s mx |||||r|||| 001 ||SPA|| |
| 020 ## - NÚMERO INTERNACIONAL ESTÁNDAR DEL LIBRO | |
| Número Internacional Estándar del Libro | 968-6140-08-5 |
| 040 ## - FUENTE DE LA CATALOGACIÓN | |
| Lengua de catalogación | spa |
| 041 ## - CÓDIGO DE LENGUA | |
| Código de lengua del texto/banda sonora o título independiente | SPA |
| Código de lengua original | SPA |
| 082 04 - NÚMERO DE LA CLASIFICACIÓN DECIMAL DEWEY | |
| Número de edición | PRIMERA EDICIÓN |
| Número de clasificación | CQ / 230 / P47 |
| Número de documento/Ítem | P47 |
| 100 ## - ENTRADA PRINCIPAL--NOMBRE DE PERSONA | |
| Nombre de persona | PÉREZ ALCOCER, ANTONIO |
| 245 ## - MENCIÓN DE TÍTULO | |
| Título | LA ESTRCUTURA TOMISTA DEL CONCRETO Y SUS CONSECUENCIAS |
| 260 ## - PUBLICACIÓN, DISTRIBUCIÓN, ETC. | |
| Lugar de publicación, distribución, etc. | QUERÉTARO, MÉXICO |
| Nombre del editor, distribuidor, etc. | AUTORES DE QUERÉTARO |
| Fecha de publicación, distribución, etc. | 1987 |
| 300 ## - DESCRIPCIÓN FÍSICA | |
| Extensión | 79 PÁGINAS; |
| Dimensiones | 21.3 CM X 13.7 CM |
| 336 ## - TIPO DE CONTENIDO | |
| Fuente | rdacontent |
| Término de tipo de contenido | texto |
| Código de tipo de contenido | txt |
| 337 ## - TIPO DE MEDIO | |
| Fuente | rdamedia |
| Nombre/término del tipo de medio | sin mediación |
| Código del tipo de medio | n |
| 338 ## - TIPO DE SOPORTE | |
| Fuente | rdacarrier |
| Nombre/término del tipo de soporte | volumen |
| Código del tipo de soporte | nc |
| 505 ## - NOTA DE CONTENIDO CON FORMATO | |
| Nota de contenido con formato | PARTIENDO DE LA CONCEPCIÓN METAFÍSICA DE LA NATURALEZA Y DEL UNIVERSO —DENTRO DE LOS PRINCIPIOS DEL PENSAMIENTO ARISTOTÉLICO-TOMISTA—, PÉREZ ALCOCER DESGLOSA Y ENUMERA LAS ACTITUDES BÁSICAS QUE EL HOMBRE TIENE PARA ENFRENTARSE AL MUNDO, A SU EXISTENCIA DESOLADA O COMUNITARIA. |
| 650 ## - PUNTO DE ACCESO ADICIONAL DE MATERIA--TÉRMINO DE MATERIA | |
| Término de materia o nombre geográfico como elemento de entrada | HUMANIDADES |
| Subdivisión de forma | 230 |
| Subdivisión general | 200 |
| Subdivisión cronológica | 30 |
| Subdivisión geográfica | 0 |
| 942 ## - ELEMENTOS DE PUNTO DE ACCESO ADICIONAL (KOHA) | |
| Fuente del sistema de clasificación o colocación | Dewey Decimal Classification |
| Tipo de ítem Koha | Colección Querétaro |
| Estado de retiro | Estado de pérdida | Fuente del sistema de clasificación o colocación | Estado dañado | No para préstamo | Código de colección | Localización permanente | Ubicación/localización actual | Ubicación en estantería | Fecha de adquisición | Fuente de adquisición | Información codificada de la localización en otra ubicación | Número de inventario | Total de préstamos | Signatura topográfica completa | Código de barras | Fecha visto por última vez | Número de copia | Precio válido a partir de | Tipo de ítem Koha |
|---|---|---|---|---|---|---|---|---|---|---|---|---|---|---|---|---|---|---|---|
| Dewey Decimal Classification | Préstamo en Sala | Colección General BFC | BIBLIOTECA PÚBLICA CENTRAL ESTATAL “FRANCISCO CERVANTES” | BIBLIOTECA PÚBLICA CENTRAL ESTATAL “FRANCISCO CERVANTES” | ACCESO "A" PLANTA ALTA | 06/17/2026 | DONACIÓN | ACCESO "A" | EJ. 1 | CQ / 230 / P47 P47 | 40706 | 06/17/2026 | EJ. 1 | 06/17/2026 | Colección Querétaro | ||||
| Dewey Decimal Classification | Colección General BFC | BIBLIOTECA PÚBLICA CENTRAL ESTATAL “FRANCISCO CERVANTES” | BIBLIOTECA PÚBLICA CENTRAL ESTATAL “FRANCISCO CERVANTES” | ACCESO "A" PLANTA ALTA | 06/17/2026 | DONACIÓN | ACCESO "A" | EJ. 2 | CQ / 230 / P47 P47 | 40707 | 06/17/2026 | EJ. 2 | 06/17/2026 | Colección Querétaro | |||||
| Dewey Decimal Classification | Colección General BFC | BIBLIOTECA PÚBLICA CENTRAL ESTATAL “FRANCISCO CERVANTES” | BIBLIOTECA PÚBLICA CENTRAL ESTATAL “FRANCISCO CERVANTES” | ACCESO "A" PLANTA ALTA | 06/17/2026 | DONACIÓN | ACCESO "A" | EJ. 3 | CQ / 230 / P47 P47 | 40708 | 06/17/2026 | EJ. 3 | 06/17/2026 | Colección Querétaro | |||||
| Dewey Decimal Classification | Colección General BFC | BIBLIOTECA PÚBLICA CENTRAL ESTATAL “FRANCISCO CERVANTES” | BIBLIOTECA PÚBLICA CENTRAL ESTATAL “FRANCISCO CERVANTES” | ACCESO "A" PLANTA ALTA | 06/17/2026 | DONACIÓN | ACCESO "A" | EJ. 4 | CQ / 230 / P47 P47 | 40709 | 06/17/2026 | EJ. 4 | 06/17/2026 | Colección Querétaro |